Дело об отзыве на представленную господином Берендсом пьесу "Jiafar der Barmecide" для посвящения августейшему имени государя им...

Доступно только в Электронных читальных залах Найти на картеНа карте
RUSMARC
00003747nmc2a22002413x 450
00183f8ba9b-2b02-4026-bd21-bab3e28d01c1
00520200910001951.0
100##$a20200218l18861886k l0rusy0189 ca
1010#$arus
102##$aRU
105##$ay###
1222#$ad
2001#$aДело об отзыве на представленную господином Берендсом пьесу "Jiafar der Barmecide" для посвящения августейшему имени государя императора
$j14 июня - 11 декабря 1886 г.
215##$a7 л.
$d36,5х26 см
251##$cДело
300##$aНа бланке обложки указано: "Дело Конторы императорских санкт-петербургских театров"
371##$aДокумент не является опубликованным и широко распространяемым
461#0$10019264ebf8-de62-4f1a-9eb4-9f22098dbbd5
$12001
$aДирекция императорских театров МИДв
$1251
$cФонд
$1852
$j497
462#0$10016d2858c7-947f-46a8-934e-c3d97596ebca
$12001
$aДирекция императорских театров (1879-1918 гг.)
$1251
$cОпись
$1852
$j6
801#0$aRU
$bРГИА
$c20200218
$gRCR
801#1$aRU
$bГлавНИВЦ
$c20200218
$2rusmarc
801#2$aRU
$bПБ им. Б.Н. Ельцина
$c20200910
$gRCR
$2rusmarc
850##$aРГИА
852##$aРГИА
$eФедеральное казенное учреждение "Российский государственный исторический архив" (РГИА)
$j3811
937##$hРГИА
$d12339431
$aASBIBLIO_SCAN
035##$aRusGRCC00000851
856##$uhttp://readingroom.main.prlib.ru/item.aspx?id_node=n147213386&mode=full
Формат отображения